000 00263nam a2200109 a 4500
005 20140414131947.0
008 110126s19uu xx 00 eng d
050 _aTR 793.73
_bM35 2006
100 _aMarzollo, Jean
245 _aI spy a butterfly.
999 _c112702
_d112702